Mathematics with applications in the management, natural, and social sciences / (Record no. 1229)

MARC details
000 -LEADER
fixed length control field 01247nac a2200349 i 4500
003 - CONTROL NUMBER IDENTIFIER
control field EG-ScBUE
005 - DATE AND TIME OF LATEST TRANSACTION
control field 20240929094415.0
008 - FIXED-LENGTH DATA ELEMENTS--GENERAL INFORMATION
fixed length control field 150805t1995 nyua f 001 0 eng d
020 ## - INTERNATIONAL STANDARD BOOK NUMBER
International Standard Book Number 9780673469434
020 ## - INTERNATIONAL STANDARD BOOK NUMBER
International Standard Book Number 0673469433
040 ## - CATALOGING SOURCE
Original cataloging agency EG-ScBUE
Language of cataloging eng
Description conventions rda
Transcribing agency EG-ScBUE
Modifying agency EG-ScBUE
082 04 - DEWEY DECIMAL CLASSIFICATION NUMBER
Classification number 510
Item number LIA
Edition number 22
100 1# - MAIN ENTRY--PERSONAL NAME
Personal name Lial, Margaret L.,
Relator term author.
245 10 - TITLE STATEMENT
Title Mathematics with applications in the management, natural, and social sciences /
Statement of responsibility, etc Margaret L. Lial, American River College, Thomas W. Hungerford, Cleveland State University, Charles D. Miller.
250 ## - EDITION STATEMENT
Edition statement Sixth edition.
250 ## - EDITION STATEMENT
Edition statement Professional edition.
264 #1 - PUBLICATION, DISTRIBUTION, ETC. (IMPRINT)
Place of publication, distribution, etc New York :
Name of publisher, distributor, etc HarperCollins College Publishers,
Date of publication, distribution, etc [1995]
264 #4 - PUBLICATION, DISTRIBUTION, ETC. (IMPRINT)
Date of publication, distribution, etc c1995
300 ## - PHYSICAL DESCRIPTION
Extent 2 volumes :
Other physical details illustrations (some color) ;
Dimensions 24 cm
336 ## - CONTENT TYPE
Source rdacontent
Content type term text
Content type code txt
337 ## - MEDIA TYPE
Media type term unmediated
Source rdamedia
Media type code n
338 ## - CARRIER TYPE
Carrier type term volume
Carrier type code nc
Source rdacarrier
500 ## - GENERAL NOTE
General note Includes index.
590 ## - LOCAL NOTE (RLIN)
Local note reham yahia - mostafa el helaly
650 #7 - SUBJECT ADDED ENTRY--TOPICAL TERM
Topical term or geographic name as entry element Mathematics.
Source of heading or term BUEsh
651 ## - SUBJECT ADDED ENTRY--GEOGRAPHIC NAME
Source of heading or term BUEsh
653 ## - INDEX TERM--UNCONTROLLED
Arrived date list August2015
Resource For college BAEPS, Business Administration
655 ## - INDEX TERM--GENRE/FORM
Form subdivision Reading book
9 (RLIN) 34232
700 1# - ADDED ENTRY--PERSONAL NAME
Personal name Hungerford, Thomas W.,
Relator term author.
700 1# - ADDED ENTRY--PERSONAL NAME
Personal name Miller, Charles David,
Dates associated with a name 1942-
Relator term author.
942 ## - ADDED ENTRY ELEMENTS (KOHA)
Koha item type Book - Borrowing
Source of classification or shelving scheme Dewey Decimal Classification
Holdings
Withdrawn status Lost status Source of classification or shelving scheme Damaged status Not for loan Collection code Home library Current library Shelving location Date acquired Source of acquisition Cost, normal purchase price Total Checkouts Full call number Barcode Date last seen Cost, replacement price Price effective from Koha item type Total Renewals Date checked out Public note
    Dewey Decimal Classification     Alahram Central Library Central Library First floor 29/08/2006 Purchase 180.00   510 LIA 000003257 15/07/2025 225.00 29/08/2006 Book - Borrowing      
    Dewey Decimal Classification     Alahram Central Library Central Library First floor 29/08/2006 Purchase 180.00   510 LIA 000003256 15/07/2025 225.00 29/08/2006 Book - Borrowing      
    Dewey Decimal Classification     Alahram Central Library Central Library First floor 29/08/2006 Purchase 180.00   510 LIA 000005195 15/07/2025 225.00 06/09/2007 Book - Borrowing      
    Dewey Decimal Classification     Alahram Central Library Central Library First floor 29/08/2006 Purchase 180.00 2 510 LIA 000005293 15/07/2025 225.00 06/09/2007 Book - Borrowing 8 13/10/2014  
    Dewey Decimal Classification     Alahram Central Library Central Library First floor 12/01/2010 Purchase 180.00   510 LIA 000019055 15/07/2025 225.00   Book - Borrowing     students solution manual